El paraíso perdido
Gespeichert in:
| 1. Verfasser: | |
|---|---|
| Format: | Buch |
| Sprache: | Undetermined |
| Veröffentlicht: |
Guatemala
Ediciones Papiro
1990
|
| Schlagworte: | |
| Tags: |
Tag hinzufügen
Keine Tags, Fügen Sie den ersten Tag hinzu!
|
MARC
| LEADER | 00000nam a2200000Ia 4500 | ||
|---|---|---|---|
| 008 | 170316s9999 xx 000 0 und d | ||
| 040 | |a cru BVZT | ||
| 090 | |a 860 M-17.1p | ||
| 100 | |a Méndez Vides |9 988 | ||
| 245 | |a El paraíso perdido |c / Vides Méndez | ||
| 260 | |a Guatemala |b Ediciones Papiro |c 1990 | ||
| 300 | |a 155 páginas | ||
| 650 | |a LITERATURA LATINOAMERICANA |9 15 | ||
| 650 | |a CUENTOS |9 271 | ||
| 942 | 0 | 0 | |0 3 |2 z |
| 999 | |c 8286 |d 8286 | ||
